000 00316nam a2200133Ia 4500
005 20260328104330.0
008 260328s9999||||xx |||||||||||||| ||und||
100 _aAllen, Cindy
245 0 _aBest of Residential /
_cCindy Allen
260 _bInterior Design
300 _a298 p.
650 _aDIBUJO
942 _cBK
999 _c11685
_d11685